On the crest of the wave : (Record no. 1780)
[ view plain ]
| 000 -LEADER | |
|---|---|
| fixed length control field | 00888pam a2200289 a 4500 |
| 001 - CONTROL NUMBER | |
| control field | 85285 |
| 003 - CONTROL NUMBER IDENTIFIER | |
| control field | GBCCL |
| 005 - DATE AND TIME OF LATEST TRANSACTION | |
| control field | 20241126110409.0 |
| 008 - FIXED-LENGTH DATA ELEMENTS--GENERAL INFORMATION | |
| fixed length control field | 830406s1983 cau b 001 0 eng |
| 010 ## - | |
| -- | 83008616 |
| 020 ## - INTERNATIONAL STANDARD BOOK NUMBER | |
| International Standard Book Number | 0830708952 (pbk.) : |
| Terms of availability | $5.95 |
| 035 ## - SYSTEM CONTROL NUMBER | |
| System control number | (OCoLC)09441180 |
| 040 ## - CATALOGING SOURCE | |
| Original cataloging agency | DLC |
| Transcribing agency | DLC |
| Modifying agency | LBB |
| 049 ## - | |
| -- | LBBK |
| 050 0# - | |
| -- | BV2061 |
| -- | .W347 1983 |
| 082 0# - DEWEY DECIMAL CLASSIFICATION NUMBER | |
| Classification number | 266 |
| Edition information | 19 |
| Item number | WAG |
| 090 ## - LOCALLY ASSIGNED LC-TYPE CALL NUMBER (OCLC); LOCAL CALL NUMBER (RLIN) | |
| Classification number (OCLC) (R) ; Classification number, CALL (RLIN) (NR) | BV2061 |
| Local cutter number (OCLC) ; Book number/undivided call number, CALL (RLIN) | .W347 1983 |
| 100 1# - MAIN ENTRY--PERSONAL NAME | |
| Personal name | Wagner, C. Peter. |
| 9 (RLIN) | 2967 |
| 245 10 - TITLE STATEMENT | |
| Title | On the crest of the wave : |
| Remainder of title | becoming a world Christian / |
| Statement of responsibility, etc. | C. Peter Wagner. |
| 246 13 - | |
| -- | Stop the world. I want to get on. |
| 260 ## - PUBLICATION, DISTRIBUTION, ETC. | |
| Place of publication, distribution, etc. | Ventura, Calif. : |
| Name of publisher, distributor, etc. | Regal Books, |
| Date of publication, distribution, etc. | c1983. |
| 300 ## - PHYSICAL DESCRIPTION | |
| Extent | 195 p. ; |
| Dimensions | 21 cm. |
| 500 ## - GENERAL NOTE | |
| General note | "Based on Stop the world, I want to get on"--T.p. verso. |
| 504 ## - BIBLIOGRAPHY, ETC. NOTE | |
| Bibliography, etc. note | Includes bibliographical references and index. |
| 650 #0 - SUBJECT ADDED ENTRY--TOPICAL TERM | |
| Topical term or geographic name entry element | Missions. |
| 9 (RLIN) | 885 |
| 942 ## - ADDED ENTRY ELEMENTS (KOHA) | |
| Source of classification or shelving scheme | Dewey Decimal Classification |
| Koha item type | Books |
| Koha issues (borrowed), all copies | 1 |
| Withdrawn status | Lost status | Source of classification or shelving scheme | Damaged status | Not for loan | Home library | Current Library | Shelving location | Date acquired | Total checkouts | Full call number | Barcode | Date last seen | Date last checked out | Copy number | Price effective from | Koha item type |
|---|---|---|---|---|---|---|---|---|---|---|---|---|---|---|---|---|
| Dewey Decimal Classification | GRACE BIBLE COLLEGE | GRACE BIBLE COLLEGE | Ministry & Mission | 2017-05-25 | 1 | 266 WAG | 001494 | 2025-05-01 | 2018-02-08 | c.1 | 2017-05-25 | Books |